[Event "GER-chT School WK Girls"]
[Site "Playchess.com INT"]
[Date "2020.06.10"]
[Round "2.1"]
[White "Dittenberger, Svenja"]
[Black "Bone, Franziska"]
[Result "0-1"]
[WhiteElo "1620"]
[BlackElo "1716"]
[PlyCount "46"]
[EventDate "2020.06.10"]
[EventType "team-swiss (blitz)"]
[EventRounds "7"]
[EventCountry "GER"]
[SourceTitle "EXT 2021"]
[Source "ChessBase"]
[SourceDate "2020.10.23"]
[SourceVersion "1"]
[SourceVersionDate "2020.10.23"]
[SourceQuality "1"]
[WhiteTeam "Oppenheim Gymn"]
[BlackTeam "Borken"]
[WhiteTeamCountry "GER"]
[BlackTeamCountry "GER"]

1. e4 e5 2. Nf3 Nc6 3. Bc4 Bc5 4. d3 Nf6 5. Nc3 d6 6. Bg5 h6 7. Bh4 g5 8. Bg3 Be6 9. Bb3 Qd7 10. Nd5 Bxd5 11. Bxd5 0-0-0 12. Bb3 h5 13. h3 h4 14. Bh2 g4 15. Ng5 Rhg8 16. Nxf7 Rdf8 17. Nh6 Rg6 18. Nf5 gxh3 19. gxh3 Rg2 20. Ne3 Bxe3 21. fxe3 Qxh3 22. d4 Qxe3+ 23. Kf1 Qf2# 0-1

[Event "GER-chT U14 Girls"]
[Site "Duesseldorf"]
[Date "2016.12.27"]
[Round "2.3"]
[White "Dittenberger, Svenja"]
[Black "Grey, Andrea"]
[Result "0-1"]
[WhiteElo "1190"]
[BlackElo "1526"]
[PlyCount "98"]
[EventDate "2016.12.27"]
[EventType "team-swiss"]
[EventRounds "7"]
[EventCountry "GER"]
[SourceTitle "EXT 2018"]
[Source "ChessBase"]
[SourceDate "2017.10.13"]
[SourceVersion "1"]
[SourceVersionDate "2017.10.13"]
[SourceQuality "1"]
[WhiteTeam "Landskrone"]
[BlackTeam "Berlin Schachpinguine"]
[WhiteTeamCountry "GER"]
[BlackTeamCountry "GER"]

1. e4 c5 2. Nf3 Nc6 3. Bb5 e6 4. 0-0 a6 5. Bxc6 bxc6 6. d3 Nf6 7. Nc3 d5 8. Re1 Be7 9. h3 0-0 10. Bf4 Bb7 11. Qd2 Qc8 12. d4 cxd4 13. Qxd4 c5 14. Qd2 d4 15. Ne2 Nxe4 16. Qd3 Bd6 17. Bxd6 Nxd6 18. Ng5 g6 19. Qg3 Ne4 20. Nxe4 Bxe4 21. Rac1 Qd7 22. Qf4 Bb7 23. Qe5 Qd5 24. Qxd5 Bxd5 25. a3 e5 26. Rcd1 Rfe8 27. c3 Rab8 28. Rd2 Bc4 29. cxd4 cxd4 30. Rc1 Bb3 31. Rc6 a5 32. Nc1 Ba4 33. Rc5 Rbc8 34. Rxc8 Rxc8 35. Nd3 e4 36. Nf4 d3 37. Nd5 Rc2 38. Rd1 d2 39. Kh2 Rxb2 40. Nc3 Bxd1 41. Nxd1 Rb1 42. Nc3 Rc1 43. Nxe4 d1Q 44. Nf6+ Kg7 45. Ne8+ Kf8 46. Nf6 Qd6+ 47. g3 Qxf6 48. Kg2 Qc6+ 49. f3 Qc2# 0-1

[Event "Rheinhessen-ch U14"]
[Site "Oppenheim"]
[Date "2015.01.06"]
[Round "2"]
[White "Dittenberger, Svenja"]
[Black "Scholze, Benjamin"]
[Result "0-1"]
[WhiteElo "958"]
[BlackElo "966"]
[PlyCount "88"]
[EventDate "2015.01.03"]
[EventType "swiss"]
[EventRounds "7"]
[EventCountry "GER"]
[SourceTitle "EXT 2017"]
[Source "ChessBase"]
[SourceDate "2016.10.25"]
[SourceVersion "1"]
[SourceVersionDate "2016.10.25"]
[SourceQuality "1"]

1. e4 e5 2. Nf3 Nc6 3. Bc4 Bc5 4. c3 Nf6 5. d4 exd4 6. cxd4 Bb4+ 7. Bd2 Bxd2+ 8. Qxd2 Nxe4 9. Qe2 Qe7 10. Bd3 d5 11. 0-0 0-0 12. Re1 Re8 13. Nc3 Bf5 14. Nxe4 dxe4 15. Bxe4 Bxe4 16. Rad1 Rad8 17. Nd2 Rxd4 18. f3 Bd5 19. Qxe7 Rxe7 20. Rxe7 Nxe7 21. Re1 Rxd2 22. Rxe7 g6 23. Rxc7 Rxb2 24. Rd7 Bxa2 25. Rd8+ Kg7 26. h3 a6 27. Kh2 Be6 28. Rd4 b5 29. Rd6 a5 30. Rb6 a4 31. Kg3 b4 32. Ra6 a3 33. Ra4 a2 34. Ra5 b3 35. Kh2 Rb1 36. Kg3 a1Q 37. Kh4 Qxa5 38. Kg3 Qe5+ 39. Kh4 Qf4+ 40. g4 Qh6+ 41. Kg3 f5 42. gxf5 Qg5+ 43. Kf2 Rb2+ 44. Kf1 Qc1# 0-1

[Event "Rheinhessen-ch U14"]
[Site "Oppenheim"]
[Date "2015.01.06"]
[Round "7"]
[White "Maus, Julian"]
[Black "Dittenberger, Svenja"]
[Result "1-0"]
[WhiteElo "1146"]
[BlackElo "958"]
[PlyCount "91"]
[EventDate "2015.01.03"]
[EventType "swiss"]
[EventRounds "7"]
[EventCountry "GER"]
[SourceTitle "EXT 2017"]
[Source "ChessBase"]
[SourceDate "2016.10.25"]
[SourceVersion "1"]
[SourceVersionDate "2016.10.25"]
[SourceQuality "1"]

1. e4 e5 2. Nf3 Nc6 3. Bb5 d6 4. d4 Bd7 5. dxe5 Nxe5 6. Bxd7+ Nxd7 7. Bg5 Be7 8. Qd2 Ngf6 9. Nc3 Nc5 10. e5 Nce4 11. Qe3 Nxc3 12. exf6 gxf6 13. Qxc3 Rg8 14. Bh4 Rxg2 15. Bg3 f5 16. 0-0-0 Bf6 17. Qe3+ Kf8 18. Qh6+ Kg8 19. Qh3 Rxg3 20. hxg3 Bg5+ 21. Nxg5 Qxg5+ 22. f4 Qg7 23. Qxf5 Re8 24. Rh3 a6 25. Rdh1 Qd4 26. Qxh7+ Kf8 27. Qh8+ Qxh8 28. Rxh8+ Ke7 29. Re1+ Kf6 30. Rexe8 b5 31. Ra8 Kg7 32. Rhb8 c6 33. Rxa6 Kf6 34. Rxc6 Ke7 35. Rxb5 Kd7 36. Rbb6 Ke7 37. Rxd6 Kf8 38. Rd7 Kg7 39. Rbb7 Kg6 40. Rxf7 Kh5 41. Rg7 Kh6 42. a3 Kh5 43. Rg5+ Kh6 44. Rb6+ Kh7 45. a4 Kh8 46. Rh6# 1-0

[Event "Rheinhessen-ch U12"]
[Site "Heidesheim"]
[Date "2014.01.04"]
[Round "2"]
[White "Dittenberger, Svenja"]
[Black "Weiper, Henrik"]
[Result "1/2-1/2"]
[WhiteElo "829"]
[BlackElo "1006"]
[PlyCount "87"]
[EventDate "2014.01.04"]
[EventType "swiss"]
[EventRounds "7"]
[EventCountry "GER"]
[SourceTitle "EXT 2015"]
[Source "ChessBase"]
[SourceDate "2014.11.20"]
[SourceVersion "1"]
[SourceVersionDate "2014.11.20"]
[SourceQuality "1"]

1. e4 e5 2. Nf3 Nc6 3. Bc4 Nf6 4. Nc3 Nxe4 5. Nxe4 d5 6. Bxd5 Qxd5 7. Nc3 Qd6 8. Nb5 Qd7 9. Qe2 a6 10. Nxe5 Nxe5 11. Qxe5+ Be7 12. Nc3 0-0 13. Qd5 Qg4 14. Qe4 Re8 15. Qxg4 Bxg4 16. 0-0 Rad8 17. f3 Bc5+ 18. Kh1 Bf5 19. d3 Re6 20. Bg5 Rde8 21. Bd2 h6 22. Rae1 b5 23. Nd5 Bd6 24. Bf4 Bxf4 25. Rxe6 Bxe6 26. Nxf4 Bxa2 27. d4 Rd8 28. Rd1 Bc4 29. d5 c6 30. d6 g5 31. Nh5 Bd5 32. Nf6+ Kg7 33. Nxd5 cxd5 34. Rxd5 Re8 35. h3 Re1+ 36. Kh2 Re8 37. d7 Rd8 38. b3 Kf8 39. c4 bxc4 40. bxc4 Ke7 41. c5 Rxd7 42. Re5+ Kd8 43. c6 Rc7 44. Rc5 1/2-1/2